000 00602nam a2200181Ia 4500
003 GCL
008 140319s9999 xx 000 0 ara d
040 _aGCL /
_cGCL
082 0 4 _a615.537
_bف ن
100 1 _aفايزة محمد حمودة
245 1 0 _aالنباتات والاعشاب الطبية: كيف تستخدمها /
_cفايزة محمد حمودة
260 _a[S.N] :
_bمركز الاهرام للترجمة والنشر ،
_c1993
300 _a171 ص
490 _aاعرف صحتك
_v0
650 0 4 _aالنباتات الطبية
650 0 4 _aالاعشاب
942 _2ddc
_cBK
999 _c31987
_d31987